000
00247nam a2200097Ia 4500
001
1103086
005
20250827003333.0
008
250824s9999 xx 000 0 und d
245
0
_a
SIRLAR UÇURUMU
_c
ALEIN KENRIGERNA
260
_b
PANAMA YAYINLARI
999
_c
1103086
_d
1103086